| 000 | 00759nam a22001937a 4500 | ||
|---|---|---|---|
| 005 | 20241119142235.0 | ||
| 008 | 241119b ||||| |||| 00| 0 eng d | ||
| 040 | _cAL | ||
| 041 | _akan | ||
| 082 |
_223 _aK894.1 _bDIVA |
||
| 100 |
_aU Divakara Rai: ಯು ದಿವಾಕರ ರೈ _9185763 |
||
| 245 |
_aAngalada Neralu: Nalavattu Kavanagalu: _bಅಂಗಳದ ನೆರಳು: ನಲವತ್ತು ಕವನಗಳು |
||
| 260 |
_aMangaluru _bSt Aloysius College _c1993 |
||
| 300 |
_ax,53p. _bPB _c21x14cm. |
||
| 650 |
_aKannada Poetry: ಕನ್ನಡ ಕವನ _9185721 |
||
| 650 |
_aKannada Literature: ಕನ್ನಡ ಸಾಹಿತ್ಯ _9185722 |
||
| 700 |
_aDIVAKARA RAI (U): ದಿವಾಕರ ರೈ (ಯು) _9185723 |
||
| 942 |
_2ddc _cDB |
||
| 999 |
_c231938 _d231938 |
||